MARC

LEADER 00000nam0a2200000 4500
001 6011
005 20231101204445.0
010 |a 588373104X 
035 |a (RuTPU)RU\TPU\book\6040 
035 |a BOOK00006094 
090 |a 6011 
100 |a 20011209d1997 k y0rusy50 ca 
101 1 |a rus  |c lat 
102 |a RU 
105 |a y z 000za 
200 1 |a Исповедь  |f Августин  |g Пер. М. Е. Сергеенко 
210 |a Москва  |c Канон  |d 1997 
215 |a 464 с. 
225 1 |a История христианской мысли в памятниках 
600 0 |a Августин  |c христианский богослов  |f 354-430  |g Аврелий  |2 stltpui  |3 (RuTPU)RU\TPU\pers\4 
606 1 |a Средневековая философия  |2 stltpush  |3 (RuTPU)RU\TPU\subj\56092  |9 74023 
610 1 |a философия 
610 1 |a история 
610 1 |a христианство 
686 |a Ю3(4)  |v LBC/SL-A  |2 rubbk 
686 |a Ю3(0)414  |v LBC/SL-A  |2 rubbk 
700 1 |a Августин  |c христианский богослов  |f 354-430  |g Аврелий  |2 stltpui  |3 (RuTPU)RU\TPU\pers\4 
702 1 |a Сергеенко  |b М. Е.  |4 730 
801 0 |a RU  |b 63413507  |c 20011209  |g PSBO 
801 2 |a RU  |b 63413507  |c 20141111  |g PSBO 
942 |c BK